| 000 | 00692nam a2200205 a 4500 | ||
|---|---|---|---|
| 001 | 000048822 | ||
| 005 | 20201002061433.0 | ||
| 008 | 190314s2016 dr 000 0 spa d | ||
| 020 | _a9789945600544 | ||
| 040 |
_aDO-SdBNP _bspa _cBNPHU |
||
| 082 |
_axxx _bU75 |
||
| 100 | 1 |
_aUreña, Arturo Emilio _931601 |
|
| 245 | 1 | 3 |
_aEn el mundo de las cosas inanimadas / _cArturo Emilio Ureña ; prólogo Aulio Ortiz. |
| 260 |
_aSanto Domingo, : _bSantuario, _c2016. |
||
| 300 |
_a129 p. ; _c23 cm. |
||
| 500 | _aNovela narrada en 15 capítulos | ||
| 500 | _aIncluye datos biografícos del autor en la solapa de la portada. | ||
| 590 | _aInventariado, 2019/ YL | ||
| 700 | 1 | 2 |
_aOrtiz, Aulio _eprol. _928506 |
| 999 |
_c48310 _d48310 |
||